[Event "Norderstedt op"]
[Site "Norderstedt"]
[Date "2013.04.01"]
[Round "9"]
[White "Schellin, Anton"]
[Black "Pajeken, Jakob Leon"]
[Result "1-0"]
[WhiteElo "1573"]
[BlackElo "1402"]
[PlyCount "97"]
[EventDate "2013.03.28"]
[EventType "swiss"]
[EventRounds "9"]
[EventCountry "GER"]
[SourceTitle "EXT 2015"]
[Source "ChessBase"]
[SourceDate "2014.11.20"]
[SourceVersion "1"]
[SourceVersionDate "2014.11.20"]
[SourceQuality "1"]

1. e4 e5 2. Nf3 Nc6 3. Bb5 a6 4. Ba4 Nf6 5. 0-0 Be7 6. Re1 b5 7. Bb3 d6 8. c3 0-0 9. h3 Na5 10. Bc2 c5 11. d4 Nd7 12. Nbd2 Bf6 13. Nf1 g6 14. Ng3 Bg7 15. Be3 Qc7 16. b3 Re8 17. d5 Nf8 18. Nh2 Nb7 19. Ng4 Bxg4 20. Qxg4 Qd7 21. Qxd7 Nxd7 22. a4 Nf6 23. Ra2 b4 24. cxb4 cxb4 25. Rc1 a5 26. Bd3 Nd7 27. Bb5 Red8 28. Bc6 Rab8 29. Rac2 Nbc5 30. Bxd7 Nxd7 31. Rc6 Bf8 32. Ra6 Ra8 33. Rxa8 Rxa8 34. Rc6 Nc5 35. Bxc5 dxc5 36. Ne2 Be7 37. f4 exf4 38. Nxf4 Bd8 39. Nd3 Kf8 40. Nxc5 Ke7 41. e5 Rb8 42. Kf1 Bb6 43. Ke2 f6 44. exf6+ Kd8 45. Rd6+ Kc7 46. Rc6+ Kd8 47. Ne6+ Ke8 48. Kd3 Bf2 49. Rc7 1-0